| 000 | 00401nam a22001577a 4500 | ||
|---|---|---|---|
| 999 |
_c3408 _d3408 |
||
| 008 | 200612b ||||| |||| 00| 0 eng d | ||
| 082 | 0 | 0 |
_a623.81 _bB1671 |
| 100 |
_9961 _aBaker, G. S. |
||
| 245 | 1 | 0 |
_aShip efficiency and economy _cby G. S. Baker |
| 250 | _a2nd ed | ||
| 260 |
_aLiverpool _bCharles Birchall _c1946 |
||
| 300 | _a145p. | ||
| 365 | _d16.50 | ||
| 650 | 0 | _aNaval Architecture | |
| 942 | _cBK | ||